Private Rented Housing (Scotland) Act 2011 (Record no. 112237)

MARC details
000 -LEADER
fixed length control field 00972cad a22002175a 4500
001 - CONTROL NUMBER
control field E152865
008 - FIXED-LENGTH DATA ELEMENTS--GENERAL INFORMATION
fixed length control field 110509s2011 xxk f s000 0 eng d
035 ## - SYSTEM CONTROL NUMBER
System control number (Sirsi) u152865
041 0# - LANGUAGE CODE
Language code of text/sound track or separate title eng
110 2# - MAIN ENTRY--CORPORATE NAME
Corporate name or jurisdiction name as entry element Scotland
Form subheading Laws, etc
245 00 - TITLE STATEMENT
Title Private Rented Housing (Scotland) Act 2011
Medium [electronic resource]
260 ## - PUBLICATION, DISTRIBUTION, ETC.
Place of publication, distribution, etc. London
Name of publisher, distributor, etc. National Archives
Date of publication, distribution, etc. 2011
520 ## - SUMMARY, ETC.
Summary, etc. An Act is to strengthen the regulation of the private rented sector, including changes to the registration of private landlords and licensing of houses in multiple occupation. Also addresses the issue of overcrowding and seeks to improve the working of private sector tenancies.
521 ## - TARGET AUDIENCE NOTE
Target audience note Advanced
590 ## - LOCAL NOTE (RLIN)
Local note KA
650 24 - SUBJECT ADDED ENTRY--TOPICAL TERM
Topical term or geographic name entry element PRIVATE RENTED HOUSING (SCOTLAND) ACT 2011
651 #4 - SUBJECT ADDED ENTRY--GEOGRAPHIC NAME
Geographic name Scotland
Chronological subdivision 1999-
690 ## - LOCAL SUBJECT ADDED ENTRY--TOPICAL TERM (OCLC, RLIN)
Topical term or geographic name as entry element PROPERTY-LANDLORD AND TENANT
856 40 - ELECTRONIC LOCATION AND ACCESS
Uniform Resource Identifier <a href="https://www.legislation.gov.uk/asp/2011/14/contents/enacted">https://www.legislation.gov.uk/asp/2011/14/contents/enacted</a>
Public note View the Act free of charge at www.legislation.gov.uk
942 ## - ADDED ENTRY ELEMENTS (KOHA)
Suppress in OPAC 0
Holdings
Withdrawn status Lost status Source of classification or shelving scheme Damaged status Not for loan Home library Current library Shelving location Date acquired Total Checkouts Full call number Barcode Date last seen Copy number Price effective from Koha item type
    Dewey Decimal Classification     Virtual Virtual Online 09/05/2011   ONLINE PUBLICATION 152865-1001 06/08/2019 1 06/08/2019 Book